|
|
|
|
| LEADER |
01016nam a2200229 a 4500 |
| 008 |
091202s2004 enka b 001 0 eng d |
| 020 |
|
|
|a 0273651021 (paper)
|
| 040 |
|
|
|a DLC
|c DLC
|d DLC
|
| 082 |
0 |
0 |
|a 302.3/5
|2 22
|
| 100 |
1 |
|
|a Buchanan, David A.
|
| 245 |
1 |
0 |
|a Organizational behaviour :
|b an introductory text /
|c David Buchanan and Andrzej Huczynski.
|
| 250 |
|
|
|a 4th ed.
|
| 260 |
|
|
|a Harlow, England ;
|a New York :
|b FT/Prentice Hall,
|c 2004.
|
| 300 |
|
|
|a xxv, 916 p. :
|b ill. (some col.) ;
|c 27 cm.
|
| 500 |
|
|
|a Huczynski's name appears first on the previous edition.
|
| 504 |
|
|
|a Includes bibliographical references (p. [883]-933) and index.
|
| 541 |
1 |
|
|e 00012783
|
| 650 |
|
0 |
|a Organizational behavior.
|
| 700 |
1 |
|
|a Huczynski, Andrzej.
|
| 852 |
4 |
|
|a Ayesha Abed Library
|j General shelf
|
| 999 |
|
|
|c 5853
|d 5853
|
| 952 |
|
|
|0 0
|1 0
|2 ddc
|4 0
|6 302_350000000000000_BUC
|7 0
|9 5831
|a BRACUL
|b BRACUL
|c GEN
|d 2009-12-02
|g 0.00
|l 8
|m 67
|o 302.35 BUC
|p 3010012783
|r 2018-04-08
|s 2018-03-28
|t 1
|w 2009-12-02
|y BK
|x No price found in the accession register.
|